Basic Trauma Cardiac Life Support
Saved in:
| Príomhúdar: | |
|---|---|
| Formáid: | Leabhar |
| Foilsithe: |
Jakarta
Sagung Seto
2013
|
| Ábhair: | |
| Clibeanna: |
Cuir Clib Leis
Gan Chlibeanna, Bí ar an gcéad duine leis an taifead seo a chlibeáil!
|
| LEADER | 00459nam a22001697a 4500 | ||
|---|---|---|---|
| 007 | ta | ||
| 008 | 140625b20112013 xxu||||| |||| 00| 0 ind d | ||
| 020 | |a 9786028674454 | ||
| 041 | |a IND | ||
| 082 | |2 23 |a 610 | ||
| 100 | |a SUDIHARTO & Sartono | ||
| 245 | |a Basic Trauma Cardiac Life Support | ||
| 260 | |a Jakarta |b Sagung Seto |c 2013 | ||
| 300 | |a xiv, 218 hlm.: ilus.; 22.5 cm | ||
| 650 | |a 1. Kesehatan |9 116 | ||
| 942 | |2 ddc |c BK |6 610_000000000000000 | ||
| 999 | |c 21046 |d 21046 | ||